00719nam a2200193 i 450000100060000000300090000600500170001500700030003200800410003502000180007610000410009424501100013525000150024526000730026030000220033385200320035599900170038795201210040462471ES-MaACL20230906164657.0t|031121s1985 sp ||||1| spa d a84-85942-32-91 aFernández Espinar, Ramón.94976314aLas fuentes del derecho histórico español b: esquemas y resúmenes / cRamón Fernández Espinar. a[1ª ed.]. aMadrid : bCentro de Estudios Universitarios Ramón Areces, c1985. a638 p. ; c24 cm. aES-MaACLjL-2430 bR.111140 c62471d62471 00104070aATENEOMbATENEOMcDEPO2d2008-01-17eSCl0oL-2430p1065496r2023-02-23 00:00:00w2023-02-23yMONOGRAFIA